000 00477nam a2200169 4500
001 148406
003 ES-MaACL
005 20230906202619.0
007 t|
008 070214s1915 sp r ||||1| spa d
100 1 _aStratz, Karl Heinrich.
_9108390
245 1 3 _aLa figura humana en el Arte /
_cKarl Heinrich Stratz.
250 _a1ª ed. española.
260 _aBarcelona :
_bSalvat,
_c1915.
300 _aXII, 358 p. :
_bil. ;
_c25 x 17 cm.
852 _aES-MaACL
_jF-2127
999 _c148406
_d148406